| Tag |
First Indicator |
Second Indicator |
Subfields |
| LEADER |
00000cam a2200000 4500 |
| 001 |
in00000061206 |
| 005 |
20151008051635.0 |
| 008 |
800507s1964 mx a b 00010 spa d |
| 035 |
|
|
|a (OCoLC)06292608
|
| 035 |
|
|
|9 AAG9131AM
|
| 040 |
|
|
|a TXA
|c TXA
|d UtOrBLW
|
| 049 |
|
|
|a TXAM
|c [454392]
|
| 090 |
|
|
|a UC485.S7
|b F5 1964
|
| 092 |
|
|
|a 355.140946
|b A1F385b
|
| 100 |
1 |
|
|a Ferrer Llull, Francisco.
|
| 245 |
1 |
0 |
|a Bibliografia iconografica del traje militar de Espana :
|b incluyendo las tropas de los antiguos virreinatos y colonias, y las extranjeras que militaron bajo sus banderas /
|c [Por] Francisco Ferrer Llull [y] Joseph Hefter.
|
| 264 |
|
1 |
|a Mexico, D.F. :
|b J. Hefter,
|c [1964]
|
| 300 |
|
|
|a 72 pages :
|b illustrations (part color)
|
| 336 |
|
|
|a text
|b txt
|2 rdacontent
|
| 337 |
|
|
|a unmediated
|b n
|2 rdamedia
|
| 338 |
|
|
|a volume
|b nc
|2 rdacarrier
|
| 490 |
0 |
|
|a Editorial militar mexicana. Publicacion nr. 4
|
| 610 |
1 |
0 |
|a Spain.
|b Ejército
|x Uniforms
|x Bibliography.
|
| 700 |
1 |
|
|a Hefter, Joseph.
|
| 999 |
|
|
|a MARS
|
| 999 |
f |
f |
|s 32ebece4-f699-3098-8ac5-27522cb57185
|i d18feb10-2527-32fd-99d7-d1bd2f1b63db
|t 0
|
| 952 |
f |
f |
|p ric
|a Texas A&M University
|b Rellis Campus
|c Joint Library Facility
|d Remote Storage
|t 0
|e UC485.S7 F5 1964
|h Library of Congress classification
|i unmediated -- volume
|m A14800804087
|
| 998 |
f |
f |
|a UC485.S7 F5 1964
|t 0
|l Remote Storage
|